Statistics for Ecuador Football Team World Cup Starting XI

Click here to take the quiz!

General Stats

  • This quiz has been taken 208 times
    (170 since last reset)
  • The average score is 11 of 39

Answer Stats

Player% Correct
Antonio Valencia
99%
Enner Valencia
99%
Moisés Caicedo
72%
Felipe Caicedo
71%
Félix Torres
71%
Pervis Estupiñán
65%
Piero Hincapié
55%
Alexander Domínguez
39%
Hernán Galíndez
38%
Ángelo Preciado
34%
Gonzalo Plata
34%
Édison Méndez
28%
Jhegson Méndez
28%
Agustín Delgado
22%
Agustín Delgado
22%
Michael Estrada
20%
Iván Hurtado
18%
Alan Franco
17%
Christian Noboa
17%
Ulises de la Cruz
16%
Carlos Tenorio
14%
Edwin Tenorio
14%
Edwin Tenorio
14%
Juan Carlos Paredes
14%
Marlon Ayoví
13%
Segundo Castillo
13%
Walter Ayoví
13%
Jefferson Montero
12%
José Francisco Cevallos
12%
Néicer Reasco
11%
Augusto Porozo
10%
Frickson Erazo
10%
Cristian Mora
9%
Jorge Guagua
9%
Cléber Chalá
7%
Giovanny Espinoza
5%
Oswaldo Minda
5%
Raúl Guerrón
5%
Alfonso Obregón
4%

Score Distribution

Percentile by Number Answered

Percent of People with Each Score

Your Score History

You have not taken this quiz since the last reset